Курс гидравлики: атлас с 14-ю таблицами чертежей, отпечатанных в Лейпциге; Курс гидравлики

Библиографические подробности
Главный автор: Евневич И. А.
Примечания:Текст в русской дореформенной орфографии
Язык:русский
Опубликовано: Санкт-Петербург, [Б. и.], 1875
Предметы:
Формат: Книга
Запись в KOHA:https://koha.lib.tpu.ru/cgi-bin/koha/opac-detail.pl?biblionumber=357620

MARC

LEADER 00000nam0a2200000 4500
001 357620
005 20231102011018.0
035 |a (RuTPU)RU\TPU\retro\14888 
090 |a 357620 
100 |a 20200807d1875 m y0rusy50 ca 
101 0 |a rus 
102 |a RU 
105 |a a j 000zy 
200 1 |a Курс гидравлики  |e атлас с 14-ю таблицами чертежей, отпечатанных в Лейпциге  |f И. А. Евневич 
210 |a Санкт-Петербург  |c [Б. и.]  |d 1875 
215 |a XIV л.  |c ил. 
300 |a Текст в русской дореформенной орфографии 
317 |5 63413507: 59//615  |a Поступил в НТБ в 1914 г. в дар от инженера Путей Сообщения П. А. Вагнера 
422 1 |0 (RuTPU)RU\TPU\retro\14902  |t Курс гидравлики  |o лекции, прочитанные в С.-Петербургском Практическом Технологическом Институте И. А. Евневичем  |h Ч. 1-2  |f И. А. Евневич  |c Санкт-Петербург  |n Типография А. Якобсона  |d 1874  |p 361 с.  |a Евневич, И. А. 
606 1 |a Гидравлика  |2 stltpush  |3 (RuTPU)RU\TPU\subj\6462  |9 34344 
610 1 |a атласы 
610 1 |a Коллекция П. А. Вагнера 
675 |a 532(075.8)  |v 4 
700 1 |a Евневич  |b И. А. 
801 1 |a RU  |b 63413507  |c 20200807 
801 2 |a RU  |b 63413507  |c 20210428  |g RCR 
942 |c BK